00700nam a2200241 a 4500001001300000003000900013005001700022008004100039020002300080082001500103100002400118245002800142260003300170300000900203500003500212505001800247650001900265700002400284902000800308942000700316952011800323999001700441nice12345678IN_TiNIC20260116015003.0050524s1973 onta grp 000 0 eng  a0836153 c10000a248.4bSCH aSchlabach, Gerald W aAnd Who Is My Neighbour aOntariobHerald Press c1973 a212p aincludes index and biblioraphy2 aSubject Index aChristian-Life1 aSchlabach, Gerald W bSRS cBK 001040708StackRoom-aHMIbHMId2007-07-09g100.00l0o248.4 SCHp11001559r2007-07-09v100.00w2005-05-24yBK c17844d17844